| 000 | 00554nam a2200169 a 4500 | ||
|---|---|---|---|
| 001 | 000035498 | ||
| 005 | 20200930074404.0 | ||
| 008 | 111102s1996 mx a 000 0 spa d | ||
| 020 | _a0070340676 | ||
| 040 |
_aDO-SdBNP _bspa _cBNPHU |
||
| 082 |
_axxxx _bxxxx |
||
| 100 | 1 |
_aJ. Gouillart, Francis _961381 |
|
| 245 | 1 | 0 |
_aRevolución empresarial / _cFrancis J. Gouillart, Jsmes N. Kelly ; traducción Guadalupe Meza Staines. |
| 260 |
_aMéxico, : _bMcgraw-hill, _c1996. |
||
| 300 |
_a352 p. : _bil. ; _c24 cm. |
||
| 700 | 1 |
_aMeza Staines, Guadalupe, _etr. _961382 |
|
| 999 |
_c34989 _d34989 |
||